| 000 | 00870cam a2200277 a 4500 | ||
|---|---|---|---|
| 008 | |||
| 020 | _a9781412945141 (hbk.) | ||
| 020 | _a9781412945158 (pbk.) | ||
| 049 | _aMAIN | ||
| 090 |
_aHD75 _bPIE |
||
| 100 | 1 | _aPieterse, Jan Nederveen. | |
| 245 | 1 | 0 |
_aDevelopment theory : _bdeconstructions/reconstructions / _cJan Nederveen Pieterse. |
| 250 | _a2nd ed. | ||
| 260 |
_aLondon : _bSAGE Publications, _c2010. |
||
| 300 |
_axviii, 252 p. ; _c25 cm. |
||
| 440 | 0 | _aTheory, culture & society (Unnumbered) | |
| 500 | _aIncludes index. | ||
| 504 | _aIncludes bibliographical references. | ||
| 650 | 0 | _aDevelopment economics. | |
| 650 | 0 |
_aEconomic development _xSociological aspects. |
|
| 907 |
_a.b1029627x _b04-03-13 _c16-05-11 |
||
| 003 | |||
| 005 | 20230123122001.0 | ||
| 040 | _cNUST | ||
| 942 |
_cBOOKS _kHD75 _mPIE |
||
| 999 |
_c125806 _d125806 |
||